Statistics for Buddhisme - Fakta og begreper

Click here to take the quiz!

General Stats

  • This quiz has been taken 790 times
    (670 since last reset)
  • The average score is 15 of 37

Answer Stats

HintAnswer% Correct
Det at gode og dårlige handlinger får konsekvenser for gjenfødelsenKarma
98%
Gjenfødelsenes kretsløpSamsara
93%
Buddhismens grunnleggerGautama Buddha
72%
Ordet som brukes om Buddhas læreDharma
64%
Frelsen, dvs. frigjøringen fra dette kretsløpetMoksha
60%
Frigjøringen fra gjenfødelsenes kretsløp som man merker mens man lever, betyr utslokkingNirvana
58%
1. sannhet sier livet kjennetegnes avLidelse (dukkha)
52%
Det buddhistiske fellesskapetSangha
51%
2. sannhet sier dette forårsakes avBegjær
48%
Buddhismens trosbekjennelse er å søke tilflukt i de tre ovennevnte, også kaltDe tre juvelene
47%
"Østlig" buddhisme i Kina, Japan, Vietnam og Taiwan ("den store vognen")Mahayana
44%
Skjærsilden der man blir pint før man blir gjenfødt på jordenNaraka
42%
"Sørlig" buddhisme i Thailand, Burma og Sri Lanka ("de eldstes lære")Theravada
42%
Hoveddoktrinen i buddhismenDe fire edle sannhetene
38%
"Nordlig" buddhisme i Tibet og Mongolia ("diamant-vognen")Vajrayana
37%
Mahayana-skole/retning som vektlegger meditasjonZen
37%
Den hellige skriftsamlingen i "sørlig" buddhismePali-kanon (Tripitaka)
36%
Buddhismen skiller mellom disse to gruppene{Munker/nonner} og {lekfolk}
35%
Det buddhistiske lekfolk er forventet å følge for å forbedre sin karmaDe fem levereglene
34%
Nesten-buddhaer som fungerer som helgener i "østlig" og "nordlig" buddhismeBodhisattvaer
33%
Den åndelige lederen av tibetanerne i dagDen 14. Dalai Lama
33%
Byggverk som inneholder relikvier etter Buddha eller andre buddhistiske helgenerStupa
32%
Buddhismens største helligdag som feirer Buddhas oppvåkningVesak
32%
Måten å oppnå frigjøring påDen edle åttedelte vei
31%
Tilbedelse av Buddhas avbildning bl.a gjennom ofring av røkelse og blomsterPuja
31%
Den store skolen som dyrker den himmelske Amitabha Buddha for å bli gjenfødt i hans himmelRene land
30%
Skrifter med lære fra det gamle India, inkl. buddhistiske tekster, kallesSutra
30%
Fordi den ikke skal være altfor asketisk blir den kaltMiddelveien
29%
Veien kan deles inn i disse tre hoveddeleneInnsikt, etikk og meditasjon
26%
Den japanske skolen der man skal ritualistisk hylle Lotus-sutraenNichiren
26%
Det geometriske rituelle symbolet kjent fra tibetansk buddhismeMandala
22%
Spesielle ord og setninger som gjentas under meditasjon, særlig i tibetansk buddhismeMantra
22%
Det man kaller sjefsmunkene i tibetansk buddhisme (egentlig tibetansk for guru, lærer)Lama
21%
En av de aller største av ovennevnte, representerer barmhjertighetAvalokiteshvara (Guanyin)
20%
Foruten lidelse og forgjengelighet kjennetegnes eksistens avIkke-selv (anatman)
20%
En sentral doktrine i mahayana-buddhisme er at alt erTomhet (shunyata)
14%
Et internasjonal trossamfunn regnet som humanistisk buddhisme basert på ovennevnte japanske skoleSoka Gakkai
12%

Score Distribution

Percentile by Number Answered

Percent of People with Each Score

Your Score History

You have not taken this quiz since the last reset